000 00414nam a2200145Ia 4500
008 140609s9999 xx 000 0 und d
050 _aHQ 774
_b.T768 1964
245 _aTrain your child and be happy.
260 _aManila, Philippines :
_b Philippine Publishing House,
_cc1964
300 _a167 p. :
_bill. ;
_c20 cm.
440 _a(Modern home library).
521 _aGE
942 _kLOC
_cBK
999 _c118283
_d118283